[Event "Kreuzberg Open"]
[Site "Berlin"]
[Date "2005.07.03"]
[Round "2"]
[White "Jenull, Marco"]
[Black "Von Loehneysen, Leonard"]
[Result "1-0"]
[WhiteElo "2156"]
[BlackElo "2011"]
[PlyCount "47"]
[EventDate "2005.07.??"]
[EventType "swiss"]
[EventRounds "9"]
[EventCountry "GER"]
[Source "SC Kreuzberg"]
[SourceDate "2005.07.24"]

1. Nf3 c5 2. e4 Nc6 3. d4 cxd4 4. Nxd4 Nf6 5. Nc3 e5 6. Ndb5 d6 7. Nd5 Nxd5 8.
exd5 Ne7 9. c3 Ng6 10. Qa4 Bd7 11. Qb4 Qb8 12. Qc4 Kd8 13. Be3 b6 14. a4 a6 15.
Na3 b5 16. axb5 axb5 17. Qb3 f5 18. Be2 Be7 19. O-O b4 20. Nc2 bxc3 21. Rxa8
Qxa8 22. Ra1 Qc8 23. Ba6 cxb2 24. Qxb2 1-0

[Event "Kreuzberg Open"]
[Site "Berlin"]
[Date "2005.07.03"]
[Round "2"]
[White "Bruening, Wolfgang"]
[Black "Hannebauer, Torsten"]
[Result "0-1"]
[WhiteElo "2046"]
[BlackElo "2154"]
[PlyCount "70"]
[EventDate "2005.07.??"]
[EventType "swiss"]
[EventRounds "9"]
[EventCountry "GER"]
[Source "SC Kreuzberg"]
[SourceDate "2005.07.24"]

1. d4 Nf6 2. Nf3 g6 3. c4 Bg7 4. g3 O-O 5. Bg2 d6 6. O-O c6 7. Nc3 Nbd7 8. e4
e5 9. b3 Qa5 10. Bd2 Qb6 11. Na4 Qc7 12. Qc2 Rd8 13. Rad1 b6 14. Bc3 Bb7 15.
Ne1 b5 16. Nb2 a5 17. Nbd3 Re8 18. dxe5 dxe5 19. c5 b4 20. Bb2 Ba6 21. Bf3 Bf8
22. Ng2 Bxd3 23. Qxd3 Nxc5 24. Qc4 a4 25. Bc1 axb3 26. axb3 Ne6 27. Ne3 Nd4 28.
Bg2 Ra2 29. Bd2 Qa5 30. f4 Qc5 31. fxe5 Qxc4 32. Nxc4 Ng4 33. Nd6 Rd8 34. Bxb4
Nc2 35. Rf4 Nge3 0-1

[Event "Kreuzberg Open"]
[Site "Berlin"]
[Date "2005.07.03"]
[Round "2"]
[White "Jaeger, Andre"]
[Black "Koenig, Frank"]
[Result "1-0"]
[WhiteElo "2153"]
[BlackElo "2008"]
[PlyCount "95"]
[EventDate "2005.07.??"]
[EventType "swiss"]
[EventRounds "9"]
[EventCountry "GER"]
[Source "SC Kreuzberg"]
[SourceDate "2005.07.24"]

1. d4 Nf6 2. c4 g6 3. g3 Bg7 4. Bg2 d6 5. Nf3 O-O 6. Nc3 Nc6 7. O-O a6 8. d5
Na5 9. b3 c5 10. dxc6 bxc6 11. Bd2 Bb7 12. Qc1 c5 13. Bh6 Nc6 14. Rd1 Qc7 15.
Bxg7 Kxg7 16. Qb2 e5 17. Ng5 Rad8 18. Nd5 Nxd5 19. Bxd5 h6 20. Ne4 f5 21. Nc3
Nd4 22. e3 Nf3+ 23. Kg2 Ng5 24. f4 Nf7 25. Kg1 Kh7 26. Bxb7 Qxb7 27. Rd5 Rfe8
28. Qd2 Re6 29. e4 Qe7 30. exf5 gxf5 31. Re1 Re8 32. Qc2 Qf6 33. fxe5 Nxe5 34.
Rf1 Rf8 35. Ne4 Qg6 36. Nxd6 Rxd6 37. Rxe5 Qg4 38. Rexf5 Qd4+ 39. Kh1 Rxf5 40.
Qxf5+ Rg6 41. Qd5 Qe3 42. Qf7+ Rg7 43. Qf5+ Kh8 44. Rd1 Qe7 45. Rf1 Qe3 46. Kg2
Qd4 47. Kh3 Qd6 48. Qf8+ 1-0

[Event "Kreuzberg Open"]
[Site "Berlin"]
[Date "2005.07.04"]
[Round "3"]
[White "Berger, Steve"]
[Black "Jenull, Marco"]
[Result "1-0"]
[WhiteElo "2428"]
[BlackElo "2156"]
[PlyCount "77"]
[EventDate "2005.07.??"]
[EventType "swiss"]
[EventRounds "9"]
[EventCountry "GER"]
[Source "SC Kreuzberg"]
[SourceDate "2005.07.24"]

1. e4 e5 2. Nf3 Nc6 3. Bc4 Nf6 4. d3 Be7 5. O-O O-O 6. Bb3 d5 7. Qe2 Bg4 8. c3
Re8 9. h3 Bh5 10. Rd1 Bg6 11. Bg5 Nh5 12. Bxe7 Rxe7 13. g3 Nf6 14. Nbd2 Na5 15.
Bc2 c5 16. Nh4 Nc6 17. Nf1 d4 18. c4 Ne8 19. f4 exf4 20. gxf4 Rxe4 21. dxe4
Qxh4 22. Qg4 Qxg4+ 23. hxg4 f6 24. Ng3 Nd6 25. a3 Nxc4 26. Bb3 Bf7 27. Bxc4
Bxc4 28. Kf2 Bb3 29. Rh1 c4 30. Nf1 Rc8 31. Rc1 Na5 32. Rh5 b6 33. Rd5 d3 34.
Rxd3 Re8 35. Rd4 Nb7 36. Nd2 Nc5 37. Ke3 b5 38. Rd5 Rc8 39. Rxc5 1-0

[Event "Kreuzberg Open"]
[Site "Berlin"]
[Date "2005.07.04"]
[Round "3"]
[White "Figura, Atila Gajo"]
[Black "Jaeger, Andre"]
[Result "1-0"]
[WhiteElo "2277"]
[BlackElo "2153"]
[PlyCount "185"]
[EventDate "2005.07.??"]
[EventType "swiss"]
[EventRounds "9"]
[EventCountry "GER"]
[Source "SC Kreuzberg"]
[SourceDate "2005.07.24"]

1. d4 Nf6 2. c4 d6 3. Nc3 Nbd7 4. e4 e5 5. Nf3 g6 6. Be2 Bg7 7. Be3 c6 8. O-O
O-O 9. d5 c5 10. Nd2 Ne8 11. g4 Qh4 12. Kh1 Qe7 13. Rg1 g5 14. Nf3 f6 15. h4 h6
16. a3 Rf7 17. h5 b6 18. b4 Nb8 19. Nd2 Bf8 20. Qb3 Qd7 21. Rgb1 Be7 22. bxc5
bxc5 23. f3 Ng7 24. Nf1 Bd8 25. Qb5 a6 26. Qb3 Qa7 27. Bd1 Nd7 28. Na4 Rb8 29.
Qd3 Nb6 30. Nc3 Rfb7 31. a4 Bd7 32. a5 Nc8 33. Rxb7 Rxb7 34. Bd2 Qb8 35. Ne2
Bc7 36. Ne3 Ne7 37. Bc3 Bd8 38. Ng3 Bc7 39. Bc2 Bd8 40. Kg2 Kf7 41. Kf2 Bc7 42.
Qd1 Bd8 43. Ne2 Bc7 44. Qc1 Bd8 45. Qa3 Bc7 46. Nc1 Nc8 47. Nd3 Ne7 48. Nf1 Ne8
49. Bd2 Ng7 50. Be3 Ne8 51. Kg3 Kg8 52. Qc3 Kf7 53. Bxc5 f5 54. Bg1 fxe4 55.
fxe4 Nf6 56. Nf2 Qc8 57. Nh2 Bb8 58. Bd1 Ba7 59. Ra2 Kg7 60. Bf3 Rc7 61. Rc2
Bb5 62. Qa3 Bc5 63. Qa1 Bxc4 64. Nh3 Bd3 65. Bxc5 Rxc5 66. Rxc5 Qxc5 67. Qe1
Nc8 68. Nf2 Bb5 69. Nf1 Na7 70. Ne3 Bd7 71. Qd2 Nb5 72. Be2 Nc3 73. Kf3 Nxe2
74. Kxe2 Qa3 75. Kf3 Ne8 76. Kg2 Nc7 77. Nh1 Nb5 78. Ng3 Nd4 79. Ngf5+ Bxf5 80.
gxf5 Nb3 81. Qc3 Qa2+ 82. Kh3 Nc5 83. f6+ Kxf6 84. Ng4+ Kg7 85. Qf3 Qb3 86. Ne3
Qd3 87. Nf5+ Kf6 88. Qxd3 Nxd3 89. Nxd6 Nc5 90. Kg4 Nb3 91. Nc4 Nc5 92. Kf3 Kg7
93. Nxe5 {Nach weiteren Zuegen ZUe von Schwarz.} 1-0

[Event "Kreuzberg Open"]
[Site "Berlin"]
[Date "2005.07.04"]
[Round "3"]
[White "Hannebauer, Torsten"]
[Black "Kiesekamp, Marcos"]
[Result "1/2-1/2"]
[WhiteElo "2154"]
[BlackElo "2245"]
[PlyCount "78"]
[EventDate "2005.07.??"]
[EventType "swiss"]
[EventRounds "9"]
[EventCountry "GER"]
[Source "SC Kreuzberg"]
[SourceDate "2005.07.24"]

1. e4 c5 2. Nc3 Nc6 3. g3 g6 4. Bg2 Bg7 5. d3 d6 6. f4 e5 7. Nf3 Nge7 8. O-O
O-O 9. f5 gxf5 10. Nh4 Nd4 11. exf5 Nexf5 12. Nxf5 Nxf5 13. Nd5 f6 14. Be4 Nd4
15. Qh5 f5 16. c3 Ne2+ 17. Qxe2 fxe4 18. Rxf8+ Qxf8 19. dxe4 Bh3 20. Bg5 Qf7
21. Be7 b6 22. Qf2 Qg6 23. Re1 Kh8 24. Re3 Re8 25. Bh4 h5 26. Re1 Rf8 27. Qe2
Bh6 28. Be7 Rf7 29. Bh4 Kh7 30. Ne7 Qe6 31. Nd5 Kg7 32. a3 Kh7 33. Qd1 b5 34.
b3 Kg7 35. Qe2 a6 36. c4 Bg4 37. Qc2 Bh3 38. Qe2 Bg4 39. Qc2 Bh3 1/2-1/2

[Event "Kreuzberg Open"]
[Site "Berlin"]
[Date "2005.07.04"]
[Round "3"]
[White "Schmidt, Peter"]
[Black "Schulz, Michael"]
[Result "1/2-1/2"]
[WhiteElo "2144"]
[BlackElo "2233"]
[PlyCount "72"]
[EventDate "2005.07.??"]
[EventType "swiss"]
[EventRounds "9"]
[EventCountry "GER"]
[Source "SC Kreuzberg"]
[SourceDate "2005.07.24"]

1. Nf3 g6 2. g3 Bg7 3. Bg2 c5 4. O-O Nc6 5. e4 d6 6. d3 e5 7. c3 Nge7 8. a3 a5
9. a4 O-O 10. Na3 h6 11. Nb5 f5 12. Qb3+ Kh7 13. Nd2 f4 14. f3 g5 15. Nc4 Be6
16. Qa3 Nc8 17. b3 b6 18. Bb2 Rb8 19. d4 cxd4 20. Rad1 dxc3 21. Bxc3 Bxc4 22.
bxc4 Rf6 23. Bh3 Bf8 24. Bf5+ Kh8 25. Qb2 Qe7 26. Rd5 Qf7 27. Rfd1 fxg3 28.
hxg3 Rxf5 29. exf5 Qxf5 30. Kg2 Rb7 31. Qb1 Qxb1 32. Rxb1 Kh7 33. Rd2 N6a7 34.
Nxa7 Rxa7 35. Bxe5 Rc7 36. Bd4 Rxc4 1/2-1/2

[Event "Kreuzberg Open"]
[Site "Berlin"]
[Date "2005.07.04"]
[Round "3"]
[White "Shapiro, Yosip"]
[Black "Albrecht, Rainer"]
[Result "0-1"]
[WhiteElo "2118"]
[BlackElo "2226"]
[PlyCount "86"]
[EventDate "2005.07.??"]
[EventType "swiss"]
[EventRounds "9"]
[EventCountry "GER"]
[Source "SC Kreuzberg"]
[SourceDate "2005.07.24"]

1. e4 e6 2. d4 d5 3. Nc3 Nf6 4. Bg5 Be7 5. e5 Ng8 6. Be3 b6 7. Qg4 g6 8. Qd1
Ba6 9. Bxa6 Nxa6 10. Qd2 Qd7 11. Qe2 Nb4 12. a3 Nc6 13. b4 h5 14. h3 h4 15. g4
hxg3 16. fxg3 f5 17. Nf3 O-O-O 18. Qa6+ Kb8 19. Ne2 Nh6 20. Bd2 Ka8 21. Qd3 Nb8
22. Nf4 Rdg8 23. O-O-O Nf7 24. g4 g5 25. Nh5 Rc8 26. Nf6 Bxf6 27. exf6 c5 28.
gxf5 cxb4 29. Ne5 Nxe5 30. dxe5 bxa3 31. fxe6 Qa4 32. Qxd5+ Rc6 33. Bc3 a2 34.
Kd2 Rh4 35. Rhf1 Rxh3 36. Rf3 Rh2+ 37. Ke3 Qxc2 38. Re1 Qxc3+ 39. Ke4 Qxe1+ 40.
Kf5 a1=Q 41. f7 Qab1+ 42. Kf6 Rh6+ 43. Ke7 Qbb4+ 0-1

[Event "Kreuzberg Open"]
[Site "Berlin"]
[Date "2005.07.04"]
[Round "3"]
[White "Kozyrev, Daniil"]
[Black "Zschaebitz, Klaus"]
[Result "1-0"]
[WhiteElo "2217"]
[BlackElo "2092"]
[PlyCount "95"]
[EventDate "2005.07.??"]
[EventType "swiss"]
[EventRounds "9"]
[EventCountry "GER"]
[Source "SC Kreuzberg"]
[SourceDate "2005.07.24"]

1. e4 e6 2. d4 d5 3. exd5 exd5 4. c4 Nf6 5. Nc3 c6 6. cxd5 cxd5 7. Nf3 Be7 8.
h3 O-O 9. Bd3 Nc6 10. O-O Be6 11. Re1 h6 12. Qb3 Na5 13. Qa4 a6 14. Ne5 Nc4 15.
Ng6 Re8 16. Nf4 Bd7 17. Qb3 Nb6 18. Nfxd5 Nfxd5 19. Nxd5 Be6 20. Rxe6 Nxd5 21.
Re5 Nb4 22. Bg6 Qxd4 23. Qxf7+ Kh8 24. Re1 Nc6 25. Be3 Qxb2 26. Rab1 Qc3 27.
Rec1 Qe5 28. Bf4 Qd4 29. Rd1 Rf8 30. Rxd4 Rxf7 31. Bxf7 Nxd4 32. Rxb7 Ne2+ 33.
Kh2 Nxf4 34. Rxe7 Nd3 35. Kg3 a5 36. f4 Nb4 37. Kg4 a4 38. Rb7 Nc6 39. Bd5 Rc8
40. Be6 Ra8 41. Bd5 Rc8 42. Kh5 Nb8 43. Kg6 Rd8 44. Be6 Re8 45. f5 Nc6 46. Rxg7
Ne7+ 47. Kxh6 Ng8+ 48. Rxg8+ 1-0

[Event "Kreuzberg Open"]
[Site "Berlin"]
[Date "2005.07.04"]
[Round "3"]
[White "Jaeschke, Jens-Uwe"]
[Black "Mielke, Norman"]
[Result "1-0"]
[WhiteElo "2164"]
[BlackElo "2019"]
[PlyCount "97"]
[EventDate "2005.07.??"]
[EventType "swiss"]
[EventRounds "9"]
[EventCountry "GER"]
[Source "SC Kreuzberg"]
[SourceDate "2005.07.24"]

1. d4 f5 2. Nc3 Nf6 3. Bg5 e6 4. e4 fxe4 5. Nxe4 Be7 6. Bxf6 Bxf6 7. Nf3 Nc6 8.
Bb5 Qe7 9. O-O Nd8 10. Re1 O-O 11. d5 Nf7 12. dxe6 dxe6 13. c3 Nd6 14. Bd3 Nxe4
15. Bxe4 a5 16. Qc2 g6 17. Re3 Ra6 18. Rc1 Qf7 19. h4 Rd6 20. g3 Rfd8 21. Kg2
Qd7 22. Rh1 Rd1 23. Rxd1 Qxd1 24. Bxg6 Qxc2 25. Bxc2 h6 26. Bb3 Kf7 27. Ne5+
Ke7 28. Ng6+ Kd6 29. Rd3+ Kc5 30. Rxd8 Bxd8 31. Ne5 Bf6 32. f4 Bxe5 33. fxe5 a4
34. Bxa4 Kd5 35. Kf3 Kxe5 36. Kg4 Kf6 37. Kh5 Kg7 38. g4 e5 39. g5 hxg5 40.
Kxg5 Bh3 41. h5 e4 42. h6+ Kh8 43. Bc2 e3 44. Bd3 Be6 45. b3 Bf7 46. Kf4 e2 47.
Bxe2 Kh7 48. Kg5 Bg6 49. Bg4 1-0

[Event "Kreuzberg Open"]
[Site "Berlin"]
[Date "2005.07.04"]
[Round "3"]
[White "Dimitrijeski, Kristian"]
[Black "Schlemermeyer, Wilhelm"]
[Result "0-1"]
[WhiteElo "2098"]
[BlackElo "2346"]
[PlyCount "48"]
[EventDate "2005.07.??"]
[EventType "swiss"]
[EventRounds "9"]
[EventCountry "GER"]
[Source "SC Kreuzberg"]
[SourceDate "2005.07.24"]

1. d4 Nf6 2. c4 e6 3. Nf3 b6 4. g3 Ba6 5. Qc2 c5 6. Bg2 Nc6 7. Qa4 Bb7 8. Ne5
cxd4 9. Nxc6 Qc8 10. Nxd4 Bxg2 11. Rg1 Bb7 12. Bf4 a6 13. Nc3 Bc5 14. O-O-O Ne4
15. Nxe4 Bxe4 16. f3 Bg6 17. e4 O-O 18. Rg2 d5 19. Qc2 dxe4 20. fxe4 e5 21.
Bxe5 Re8 22. Nf3 Qg4 23. Qc3 Qxe4 24. Bxg7 Be3+ 0-1

[Event "Kreuzberg Open"]
[Site "Berlin"]
[Date "2005.07.04"]
[Round "3"]
[White "Kaphle, Sebastian"]
[Black "Niehaus, Frank"]
[Result "1-0"]
[WhiteElo "1944"]
[BlackElo "2252"]
[PlyCount "75"]
[EventDate "2005.07.??"]
[EventType "swiss"]
[EventRounds "9"]
[EventCountry "GER"]
[Source "SC Kreuzberg"]
[SourceDate "2005.07.24"]

1. e4 c5 2. Nf3 d6 3. d4 cxd4 4. Nxd4 Nf6 5. Nc3 g6 6. Be2 Bg7 7. Be3 O-O 8.
Qd2 Nc6 9. O-O-O Nxd4 10. Bxd4 Be6 11. Rhg1 Qa5 12. a3 Rfc8 13. g4 Rab8 14. g5
Nd7 15. Bxg7 Kxg7 16. Nd5 Qxd2+ 17. Rxd2 Bxd5 18. Rxd5 Rc5 19. Rxc5 Nxc5 20.
Bd3 Rc8 21. Kd2 e5 22. h4 Ne6 23. c3 f6 24. Ke3 a6 25. Be2 Nf4 26. Bd1 Rc4 27.
Bb3 Rc6 28. Ba2 b5 29. Kd2 Rc8 30. Rg3 f5 31. f3 Rd8 32. Bb1 Nh5 33. Rg1 f4 34.
Ba2 Kf8 35. Bd5 Rd7 36. Ra1 Ng3 37. a4 bxa4 38. Ke1 1-0

[Event "Kreuzberg Open"]
[Site "Berlin"]
[Date "2005.07.04"]
[Round "3"]
[White "Kohler, Thomas"]
[Black "Schoeffler, Helmut"]
[Result "1/2-1/2"]
[WhiteElo "2245"]
[BlackElo "2125"]
[PlyCount "94"]
[EventDate "2005.07.??"]
[EventType "swiss"]
[EventRounds "9"]
[EventCountry "GER"]
[Source "SC Kreuzberg"]
[SourceDate "2005.07.24"]

1. c4 Nf6 2. g3 g6 3. Bg2 Bg7 4. Nc3 O-O 5. e4 d6 6. Nge2 c6 7. O-O e5 8. d3
Na6 9. h3 Be6 10. f4 Qd7 11. g4 exf4 12. Nxf4 Nc7 13. Nce2 h6 14. Be3 Qe7 15.
Qc1 Kh7 16. Rb1 Rfe8 17. Ng3 Nd7 18. Re1 Ne5 19. Qc2 Bf6 20. b3 Bh4 21. Bf2 Qg5
22. Nfe2 h5 23. d4 Bxg4 24. dxe5 Bxe2 25. Nxe2 Bxf2+ 26. Kxf2 dxe5 27. Qc3 Re6
28. Rbd1 Rf6+ 29. Kg1 Ne6 30. Qg3 Qxg3 31. Nxg3 Nd4 32. Ne2 Rd8 33. Nxd4 exd4
34. Rf1 Kg7 35. Rxf6 Kxf6 36. Rf1+ Ke7 37. e5 d3 38. Kf2 Ke6 39. Ke3 d2 40. Rd1
Kxe5 41. Bf3 f5 42. Rg1 g5 43. Rxg5 d1=Q 44. Bxd1 Rxd1 45. Rxh5 Ra1 46. Rh7
Rxa2 47. Re7+ Kf6 1/2-1/2

[Event "Kreuzberg Open"]
[Site "Berlin"]
[Date "2005.07.04"]
[Round "3"]
[White "Lueders, Gerhard"]
[Black "Bornschein, Burkhard"]
[Result "1/2-1/2"]
[WhiteElo "2229"]
[BlackElo "2009"]
[PlyCount "64"]
[EventDate "2005.07.??"]
[EventType "swiss"]
[EventRounds "9"]
[EventCountry "GER"]
[Source "SC Kreuzberg"]
[SourceDate "2005.07.24"]

1. c4 Nf6 2. Nc3 e6 3. e4 d5 4. e5 d4 5. exf6 dxc3 6. dxc3 Qxd1+ 7. Kxd1 gxf6
8. g3 Bd7 9. Bg2 Bc6 10. Bxc6+ Nxc6 11. f4 Na5 12. b3 c5 13. Be3 b6 14. Nf3 Be7
15. f5 Nb7 16. Kc2 Nd6 17. Nh4 O-O-O 18. a4 a5 19. Rhf1 Rd7 20. Bf4 Rhd8 21.
Bxd6 Rxd6 22. Rad1 Rxd1 23. Rxd1 Rxd1 24. Kxd1 Bd6 25. Kd2 Kd7 26. Kd3 Be5 27.
Ng2 Bd6 28. Ne3 Ke7 29. Nf1 Be5 30. g4 Bf4 31. Ke4 Be5 32. Kd3 Bf4 1/2-1/2

[Event "Kreuzberg Open"]
[Site "Berlin"]
[Date "2005.07.04"]
[Round "3"]
[White "Sechting, Martin"]
[Black "Burger, Heinrich"]
[Result "1-0"]
[WhiteElo "2132"]
[BlackElo "2099"]
[PlyCount "61"]
[EventDate "2005.07.??"]
[EventType "swiss"]
[EventRounds "9"]
[EventCountry "GER"]
[Source "SC Kreuzberg"]
[SourceDate "2005.07.24"]

1. d4 Nf6 2. c4 c6 3. Nc3 d5 4. cxd5 Nxd5 5. e4 Nxc3 6. bxc3 e5 7. Nf3 exd4 8.
Bc4 Nd7 9. cxd4 Bb4+ 10. Bd2 Bxd2+ 11. Qxd2 O-O 12. O-O Nb6 13. Bb3 Qe7 14.
Rfe1 Kh8 15. Rad1 Bg4 16. Qf4 Bxf3 17. Qxf3 Rae8 18. Re3 Qb4 19. Qh5 Nc4 20.
Rh3 h6 21. e5 f5 22. Bc2 Rd8 23. Rb3 Qe7 24. Bxf5 Nxe5 25. Re3 Qf6 26. Rxe5
Rxd4 27. Rde1 Rf4 28. g4 c5 29. Re6 Qg5 30. Qxg5 hxg5 31. R1e2 1-0

[Event "Kreuzberg Open"]
[Site "Berlin"]
[Date "2005.07.04"]
[Round "3"]
[White "Hohn, August"]
[Black "Fruebing, Stefan"]
[Result "0-1"]
[WhiteElo "2115"]
[BlackElo "2280"]
[PlyCount "34"]
[EventDate "2005.07.??"]
[EventType "swiss"]
[EventRounds "9"]
[EventCountry "GER"]
[Source "SC Kreuzberg"]
[SourceDate "2005.07.24"]

1. c4 Nf6 2. g3 e5 3. Bg2 d5 4. cxd5 Nxd5 5. Nc3 Nb6 6. Nf3 Nc6 7. O-O Be7 8.
d3 O-O 9. Be3 Bg4 10. h3 Bh5 11. Rc1 f5 12. Qd2 Qd7 13. a3 Bf6 14. b4 Nd4 15.
a4 Nb3 16. Qa2 Bf7 17. Rc2 Nd4 0-1

[Event "Kreuzberg Open"]
[Site "Berlin"]
[Date "2005.07.05"]
[Round "4"]
[White "Albrecht, Rainer"]
[Black "Berger, Steve"]
[Result "0-1"]
[WhiteElo "2226"]
[BlackElo "2428"]
[PlyCount "66"]
[EventDate "2005.07.??"]
[EventType "swiss"]
[EventRounds "9"]
[EventCountry "GER"]
[Source "SC Kreuzberg"]
[SourceDate "2005.07.24"]

1. d4 g6 2. c4 Bg7 3. Nc3 d6 4. e4 e5 5. dxe5 dxe5 6. Qxd8+ Kxd8 7. f4 Nc6 8.
Be3 Be6 9. Nf3 Nf6 10. g3 h6 11. O-O-O+ Kc8 12. h3 Re8 13. Nh4 exf4 14. gxf4
Bd7 15. Bg2 Na5 16. b3 Nh5 17. e5 g5 18. fxg5 Bxe5 19. Nd5 c6 20. Bd2 cxd5 21.
Bxa5 hxg5 22. Rxd5 gxh4 23. Re1 Bf4+ 24. Kd1 Rxe1+ 25. Kxe1 Ng7 26. Rc5+ Bc6
27. Bxc6 bxc6 28. Rxc6+ Kd7 29. Rh6 Bg3+ 30. Kf1 Ke7 31. Ra6 Ne6 32. Bb6 Nf4
33. Bxa7 Rd8 0-1

[Event "Kreuzberg Open"]
[Site "Berlin"]
[Date "2005.07.05"]
[Round "4"]
[White "Kozyrev, Daniil"]
[Black "Figura, Atila Gajo"]
[Result "0-1"]
[WhiteElo "2217"]
[BlackElo "2277"]
[PlyCount "116"]
[EventDate "2005.07.??"]
[EventType "swiss"]
[EventRounds "9"]
[EventCountry "GER"]
[Source "SC Kreuzberg"]
[SourceDate "2005.07.24"]

1. e4 c5 2. Nf3 e6 3. c3 d5 4. exd5 Qxd5 5. d4 Nf6 6. Bd3 Be7 7. O-O O-O 8. Re1
Nc6 9. Be3 Rd8 10. Qc2 b6 11. Nbd2 cxd4 12. Bc4 Qd6 13. cxd4 Bb7 14. a3 Rac8
15. Qd3 Qb8 16. Rad1 Ng4 17. Ba2 Nce5 18. Nxe5 Nxe5 19. Qe2 Ng6 20. Qg4 Rc2 21.
Rb1 Bd5 22. Bxd5 Rxd5 23. Rec1 Rc8 24. Nf3 Bf6 25. Rxc8+ Qxc8 26. Rc1 Qd8 27.
h3 Ne7 28. Qe4 Rd7 29. Bg5 Bxg5 30. Nxg5 Ng6 31. Nf3 h6 32. Rc4 Rc7 33. Qe2
Rxc4 34. Qxc4 e5 35. Qc6 Nf4 36. Qe4 Nd5 37. Nxe5 Qc7 38. Qe2 Qc1+ 39. Kh2 Qf4+
40. g3 Qxd4 41. Kg2 Ne7 42. Kg1 Qd5 43. Nc4 Qd4 44. Ne5 Nf5 45. Qb5 Nd6 46. Qe2
a5 47. Nc6 Qc5 48. Ne5 b5 49. Nd3 Qd4 50. Ne5 Qd5 51. Ng4 Nc4 52. Ne3 Qe5 53.
Qf3 Nxe3 54. fxe3 Qxb2 55. Qa8+ Kh7 56. Qf8 Qa1+ 57. Kf2 b4 58. Qxf7 Qf6+ 0-1

[Event "Kreuzberg Open"]
[Site "Berlin"]
[Date "2005.07.05"]
[Round "4"]
[White "Schlemermeyer, Wilhelm"]
[Black "Hannebauer, Torsten"]
[Result "1-0"]
[WhiteElo "2346"]
[BlackElo "2154"]
[PlyCount "63"]
[EventDate "2005.07.??"]
[EventType "swiss"]
[EventRounds "9"]
[EventCountry "GER"]
[Source "SC Kreuzberg"]
[SourceDate "2005.07.24"]

1. Nf3 Nf6 2. c4 g6 3. g3 Bg7 4. Bg2 O-O 5. O-O c6 6. d4 d6 7. Nc3 Nbd7 8. Qc2
a6 9. b3 Re8 10. Rd1 Qc7 11. h3 Rb8 12. e4 e5 13. Be3 b5 14. c5 dxc5 15. dxe5
Nxe5 16. Nxe5 Rxe5 17. Bf4 Be6 18. Bxe5 Qxe5 19. f4 Qc7 20. e5 Nd7 21. Rd6 c4
22. Rxc6 Qa7+ 23. Qf2 Qxf2+ 24. Kxf2 cxb3 25. axb3 Bxb3 26. Rc7 Nb6 27. Rxa6 b4
28. Ne4 Bf8 29. Nf6+ Kg7 30. Rc6 Rb7 31. Ne8+ Kg8 32. Nd6 1-0

[Event "Kreuzberg Open"]
[Site "Berlin"]
[Date "2005.07.05"]
[Round "4"]
[White "Kiesekamp, Marcos"]
[Black "Schmidt, Peter"]
[Result "1/2-1/2"]
[WhiteElo "2245"]
[BlackElo "2144"]
[PlyCount "79"]
[EventDate "2005.07.??"]
[EventType "swiss"]
[EventRounds "9"]
[EventCountry "GER"]
[Source "SC Kreuzberg"]
[SourceDate "2005.07.24"]

1. d4 d6 2. e4 Nf6 3. Nc3 c6 4. Nf3 Bg4 5. h3 Bh5 6. a4 e6 7. Bd3 Be7 8. Qe2 d5
9. g4 Bg6 10. e5 Bxd3 11. Qxd3 Nfd7 12. h4 c5 13. Bg5 f6 14. exf6 gxf6 15. Bh6
Nc6 16. O-O-O cxd4 17. Nxd4 Nxd4 18. Qxd4 Qb6 19. Rhe1 Qxd4 20. Rxd4 Kf7 21. f4
Bc5 22. Rd2 Kg6 23. g5 Rhe8 24. Rde2 Bb4 25. Rxe6 Rxe6 26. Rxe6 Kf5 27. Re3 Nb6
28. gxf6 d4 29. Re5+ Kg6 30. Na2 Bd6 31. Re6 Rd8 32. Bg5 Kf7 33. Re4 Bf8 34. h5
Nxa4 35. Kb1 Nc5 36. Re1 Ne6 37. Nc1 h6 38. Bh4 Nxf4 39. Nd3 Nxd3 40. cxd3
1/2-1/2

[Event "Kreuzberg Open"]
[Site "Berlin"]
[Date "2005.07.05"]
[Round "4"]
[White "Schulz, Michael"]
[Black "Kaphle, Sebastian"]
[Result "1/2-1/2"]
[WhiteElo "2233"]
[BlackElo "1944"]
[PlyCount "56"]
[EventDate "2005.07.??"]
[EventType "swiss"]
[EventRounds "9"]
[EventCountry "GER"]
[Source "SC Kreuzberg"]
[SourceDate "2005.07.24"]

1. d4 Nf6 2. Bg5 g6 3. Bxf6 exf6 4. c4 Bg7 5. Nc3 O-O 6. g3 Nc6 7. Bg2 f5 8. e3
Re8 9. Nge2 d6 10. O-O Nb8 11. b4 Nd7 12. a4 Nf6 13. Qd3 c6 14. b5 Bd7 15. Rfb1
Qc7 16. a5 a6 17. bxc6 Bxc6 18. Bxc6 bxc6 19. Rb6 Nd7 20. Rb3 Rab8 21. Qb1 Rxb3
22. Qxb3 Rb8 23. Qa4 Nf6 24. Rb1 Rxb1+ 25. Nxb1 Qb7 26. Nbc3 Ne4 27. Nxe4 Qb1+
28. Kg2 Qxe4+ 1/2-1/2

[Event "Kreuzberg Open"]
[Site "Berlin"]
[Date "2005.07.05"]
[Round "4"]
[White "Jenull, Marco"]
[Black "Sechting, Martin"]
[Result "1-0"]
[WhiteElo "2156"]
[BlackElo "2132"]
[PlyCount "109"]
[EventDate "2005.07.??"]
[EventType "swiss"]
[EventRounds "9"]
[EventCountry "GER"]
[Source "SC Kreuzberg"]
[SourceDate "2005.07.24"]

1. e4 c5 2. Nf3 a6 3. c3 e6 4. d4 d5 5. e5 Nc6 6. Be2 Qb6 7. O-O cxd4 8. cxd4
Nh6 9. Bxh6 Qxb2 10. Be3 Qxa1 11. Qb3 Na5 12. Qa4+ Nc6 13. Qb3 Na5 14. Qc2 Bd7
15. Nbd2 Qxf1+ 16. Bxf1 Rc8 17. Qb2 b5 18. Nb3 Nc4 19. Bxc4 dxc4 20. Nc5 Bxc5
21. dxc5 O-O 22. h4 Bc6 23. Nd4 Rfd8 24. Kh2 Rd5 25. Ne2 a5 26. Nc3 b4 27. Nxd5
Bxd5 28. Bd4 h6 29. Qc2 Rb8 30. Qa4 b3 31. axb3 cxb3 32. Bb2 Rb4 33. Qxa5 Rxh4+
34. Kg3 Rc4 35. Ba3 h5 36. f3 Kh7 37. Qd2 Rc2 38. Qd3+ g6 39. Qb5 g5 40. Kh3
g4+ 41. fxg4 hxg4+ 42. Kxg4 Rxg2+ 43. Kf4 Rf2+ 44. Kg5 Rf5+ 45. Kg4 Rxe5 46.
Qe8 Re4+ 47. Kg5 Re5+ 48. Kf6 Rf5+ 49. Ke7 Rf2 50. c6 b2 51. Bxb2 Bxc6 52. Qh8+
Kg6 53. Qg7+ Kh5 54. Bf6 Rf5 55. Qxf7+ 1-0

[Event "Kreuzberg Open"]
[Site "Berlin"]
[Date "2005.07.05"]
[Round "4"]
[White "Von Herman, Ulf"]
[Black "Zschaebitz, Klaus"]
[Result "0-1"]
[WhiteElo "2367"]
[BlackElo "2092"]
[PlyCount "89"]
[EventDate "2005.07.??"]
[EventType "swiss"]
[EventRounds "9"]
[EventCountry "GER"]
[Source "SC Kreuzberg"]
[SourceDate "2005.07.24"]

1. d4 Nf6 2. c4 e6 3. Nc3 d5 4. Bg5 Be7 5. Nf3 Nbd7 6. e3 a6 7. c5 b5 8. a4 b4
9. Na2 a5 10. Bb5 O-O 11. O-O Ne4 12. Bf4 g5 13. Bg3 h5 14. h3 Nxg3 15. fxg3 f5
16. c6 Nb6 17. Ne5 g4 18. hxg4 hxg4 19. Nc1 Ba6 20. Bxa6 Rxa6 21. Qd3 Ra8 22.
Ne2 Bd6 23. Ng6 Rf7 24. Kf2 Rg7 25. Ngf4 Qe8 26. Rh1 Rh7 27. Rxh7 Kxh7 28. b3
Nc8 29. Rh1+ Kg7 30. Rh5 Bxf4 31. Nxf4 Nd6 32. Rg5+ Kf7 33. Rg6 Ne4+ 34. Ke2
Qxc6 35. Rxe6 Qc1 36. Re5 Nxg3+ 37. Kf2 Ne4+ 38. Ke2 Qb2+ 39. Ke1 Rh8 40. Rxf5+
Ke7 41. Rg5 Kf6 42. Qa6+ Kxg5 43. Qg6+ Kh4 44. g3+ Kxg3 45. Ne2+ 0-1

[Event "Kreuzberg Open"]
[Site "Berlin"]
[Date "2005.07.05"]
[Round "4"]
[White "Fruebing, Stefan"]
[Black "Fleischer, Andy"]
[Result "1/2-1/2"]
[WhiteElo "2280"]
[BlackElo "2056"]
[PlyCount "58"]
[EventDate "2005.07.??"]
[EventType "swiss"]
[EventRounds "9"]
[EventCountry "GER"]
[Source "SC Kreuzberg"]
[SourceDate "2005.07.24"]

1. e4 e5 2. Nf3 d6 3. d4 Nd7 4. Bc4 Be7 5. O-O Ngf6 6. Nc3 O-O 7. Re1 c6 8. a4
b6 9. d5 c5 10. Qe2 a6 11. h3 Re8 12. Nh2 Nf8 13. h4 h5 14. g3 Ng6 15. Be3 Ng4
16. Nxg4 hxg4 17. h5 Nf8 18. Kg2 Bg5 19. Rh1 Nh7 20. Bd3 Ra7 21. Qd2 Rf8 22.
Raf1 Qf6 23. Be2 Qh6 24. Rh4 Bxe3 25. Qxe3 Qxe3 26. fxe3 Nf6 27. Rh2 Nh7 28.
Rh4 Nf6 29. Rh2 Nh7 1/2-1/2